| 000 | 00557nam a22001697a 4500 | ||
|---|---|---|---|
| 005 | 20251108173638.0 | ||
| 008 | 250721s2007 xx 000 0 ara d | ||
| 082 | 1 | 4 | _a215.2/بدر |
| 100 | 1 |
_aالبدري، جمال شاكر _eمؤلف |
|
| 245 | 1 | 0 | _aالتشيع و العولمة : رؤية في الماضي و المستقبل / |
| 264 | 1 |
_aدمشق : _bلدار صفحات للنشر و التوزيع، _c2007. |
|
| 300 | _a95 ص. | ||
| 650 | 1 | 7 | _aالفرق الاسلاميه |
| 650 | 1 | 7 | _aالشيعه |
| 942 |
_2ddc _cBK |
||
| 999 |
_c108900 _d108900 |
||